000 00918nam0a22002771 4500
001 rc\4911545
005 20130426154230.1
021 _aRU
_b[63-6453]
035 _a(NLR Aleph) 008935470
090 _a8912149
_c8912149
100 _a20130426d1963 |||y0rusy50 ca
101 0 _arus
102 _aRU
105 _aa j |||h|
200 1 _aРусская речь
_eУчебник для V класса арм. школы
210 _aЕреван
_cАрмучпедгиз
_d1963
215 _a174 с., 2 л. ил.
_cил.
_d22
300 _aНа переплете авт. не указан
606 _aРусский язык
_jУчебники и пособия для нерусских школ
_2psbo
700 1 _aФолян
_bП. М.
_gПаруйр Меликсетович
801 0 _aRU
_bNLR
_gpsbo
801 1 _aRU
_bELAR
_2rusmarc
852 _aNLR
_bОНЛ
942 _cBOOK
980 _aNB